Encyclopedia of e-business development and management in the global economy / (Record no. 23885)
[ view plain ]
| 000 -LEADER | |
|---|---|
| fixed length control field | 00876nam a22002535a 4500 |
| 005 - DATE AND TIME OF LATEST TRANSACTION | |
| control field | 20170115160423.0 |
| 008 - FIXED-LENGTH DATA ELEMENTS--GENERAL INFORMATION | |
| fixed length control field | 170111t2010 paua frb 001 0 eng d |
| 020 ## - INTERNATIONAL STANDARD BOOK NUMBER | |
| International Standard Book Number | 9781615206117 |
| 020 ## - INTERNATIONAL STANDARD BOOK NUMBER | |
| International Standard Book Number | 2370003340396 (v. 1) |
| 020 ## - INTERNATIONAL STANDARD BOOK NUMBER | |
| International Standard Book Number | 2370003340310 (v. 2) |
| 020 ## - INTERNATIONAL STANDARD BOOK NUMBER | |
| International Standard Book Number | 2370003340303(v. 3) |
| 040 ## - CATALOGING SOURCE | |
| Original cataloging agency | EG-ScBUE |
| Language of cataloging | eng |
| Transcribing agency | EG-ScBUE |
| Modifying agency | EG-ScBUE |
| 082 04 - DEWEY DECIMAL CLASSIFICATION NUMBER | |
| Classification number | 658.87203 |
| Edition number | 22 |
| Item number | ENC |
| 245 00 - TITLE STATEMENT | |
| Title | Encyclopedia of e-business development and management in the global economy / |
| Statement of responsibility, etc | [editor] In Lee. |
| 260 ## - PUBLICATION, DISTRIBUTION, ETC. (IMPRINT) | |
| Place of publication, distribution, etc | Hershey ; |
| -- | New York : |
| Name of publisher, distributor, etc | Business Science Reference, |
| Date of publication, distribution, etc | c.2010. |
| 300 ## - PHYSICAL DESCRIPTION | |
| Extent | 3 v. : |
| Other physical details | ill. ; |
| Dimensions | 28 cm. |
| 504 ## - BIBLIOGRAPHY, ETC. NOTE | |
| Bibliography, etc | Includes bibliographical references and indexes. |
| 590 ## - LOCAL NOTE (RLIN) | |
| Local note | composed by BUE staff. |
| 650 #7 - SUBJECT ADDED ENTRY--TOPICAL TERM | |
| Source of heading or term | BUEsh |
| 9 (RLIN) | 27484 |
| Topical term or geographic name as entry element | Electronic commerce |
| General subdivision | Management. |
| 651 ## - SUBJECT ADDED ENTRY--GEOGRAPHIC NAME | |
| Source of heading or term | BUEsh |
| 653 ## - INDEX TERM--UNCONTROLLED | |
| Resource For college | BAEPS, Business Administration |
| Arrived date list | January2017 |
| 700 1# - ADDED ENTRY--PERSONAL NAME | |
| Personal name | Lee, In, |
| Dates associated with a name | 1958- |
| Relator term | editor. |
| 942 ## - ADDED ENTRY ELEMENTS (KOHA) | |
| Source of classification or shelving scheme | Dewey Decimal Classification |
| Withdrawn status | Item status | Source of classification or shelving scheme | Damaged status | Not for loan | Vendor | Home library | Current library | Shelving location | Date acquired | Source of acquisition | Total Checkouts | Full call number | Barcode | Date last seen | Koha item type | Public note | Cost, normal purchase price |
|---|---|---|---|---|---|---|---|---|---|---|---|---|---|---|---|---|---|
| Dewey Decimal Classification | Baccah | Central Library | Central Library | First floor | 11/01/2017 | Purchase | 658.87203 ENC | 000040864 | 15/07/2025 | NB - Book (Non borrowing) | V. 2. | ||||||
| Dewey Decimal Classification | Baccah | Central Library | Central Library | First floor | 15/01/2017 | Purchase | 658.87203 ENC | 000040971 | 15/07/2025 | NB - Book (Non borrowing) | V. 1. | 24500.00 | |||||
| Dewey Decimal Classification | Baccah | Central Library | Central Library | First floor | 15/01/2017 | Purchase | 658.87203 ENC | 000040972 | 15/07/2025 | NB - Book (Non borrowing) | V. 3. |